Directors by Actors - Statistics

General Stats
  • This quiz has been taken 58 times
  • The average score is 8 of 15
Answer Stats
Actors Director % Correct
Leonardo DiCaprio, Robert De Niro.Jesse Plemons, Joe Pesci Martin Scorsese
90%
Brad Pitt, Jamie Foxx,Uma Thurman, Samuel L. Jackson Quentin Tarantino
88%
Tom Hanks, Drew Barrymore,Jeff Goldblum, Matt Damon Steven Spielberg
86%
Tom Hanks, Michael J. Fox, Robin Wright, Christopher Lloyd Robert Zemeckis
84%
Cillian Murphy, Michael Caine,Christian Bale, Anne Hathaway Christopher Nolan
80%
Bill Murray, Jason Schwartzman,Adrien Brody, Owen Wilson Wes Anderson
69%
Kirsten Dunst, Bill Murray, Rashida Jones, Scarlett Johansson Sofia Coppola
65%
Elijah Wood, Adrien Brody,Naomi Watts, Saoirse Ronan Peter Jackson
63%
Florence Pugh, Saoirse Ronan,Timothee Chalamet, Margot Robbie Greta Gerwig
37%
Will Ferrell, Robert Downey Jr., Josh Hutcherson, Scarlett Johansson Jon Favreau
31%
Jack Black, Robert Downey Jr., Winona Ryder, Owen Wilson Ben Stiller
22%
Al Pacino, Robert De Niro, Tom Cruise, Robin Williams Francis Ford Coppola
20%
Tom Hanks, Michael Keaton,Nicole Kidman, Mel Gibson Ron Howard
18%
Vanessa Hudgens, Ben Affleck, Dave Bautista, Gerard Butler Zack Snyder
12%
Cameron Diaz, Nicolas Cage,Paul Dano, Joaquin Phoenix Spike Jonze
6%
No matching quizzes found
Score Distribution
Percent of People with Each Score
Percentile by Number Answered
Your Score History
You have not taken this quiz